THE LADDER: SUPPORTING STUDENTS TOWARDS SUCCESSFUL FUTURES AND CONFIDENT CAREER CHOICES (Record no. 216699)

MARC details
000 -LEADER
fixed length control field 00475nam a22001577a 4500
008 - FIXED-LENGTH DATA ELEMENTS--GENERAL INFORMATION
fixed length control field 260226b |||||||| |||| 00| 0 eng d
020 ## - INTERNATIONAL STANDARD BOOK NUMBER
International Standard Book Number 978-178135374-5
100 ## - MAIN ENTRY--PERSONAL NAME
Personal name BERNARD ANDREW
245 ## - TITLE STATEMENT
Title THE LADDER: SUPPORTING STUDENTS TOWARDS SUCCESSFUL FUTURES AND CONFIDENT CAREER CHOICES
260 ## - PUBLICATION, DISTRIBUTION, ETC.
Place of publication, distribution, etc. WILLISTON
Name of publisher, distributor, etc. INDEPENDENT THINKING PRESS
Date of publication, distribution, etc. 2021
300 ## - PHYSICAL DESCRIPTION
Extent VIII,177P.
500 ## - GENERAL NOTE
General note INCLUDES AN INDEX
650 ## - SUBJECT ADDED ENTRY
Topical term or geographic name entry element CAREERS
942 ## - ADDED ENTRY ELEMENTS (KOHA)
Source of classification or shelving scheme Library of Congress Classification
Koha item type Long Loan Book
Holdings
Withdrawn status Lost status Source of classification or shelving scheme Damaged status Not for loan Collection Home library Current library Shelving location Date acquired Inventory number Total checkouts Full call number Barcode Date last seen Copy number Price effective from Koha item type
    Library of Congress Classification     Arts & Social Sciences Kisii University Library Kisii University Library On Display 02/26/2026 110998   LC 1037.5 .B47 2021 A000105 02/26/2026 C.1 02/26/2026 Long Loan Book
    Library of Congress Classification     Arts & Social Sciences Kisii University Library Kisii University Library On Display 02/26/2026 110999   LC 1037.5 .B47 2021 A000103 02/26/2026 C.2 02/26/2026 Long Loan Book
    Library of Congress Classification     Arts & Social Sciences Kisii University Library Kisii University Library On Display 02/26/2026 111000   LC 1037.5 .B47 2021 A000104 02/26/2026 C.3 02/26/2026 Long Loan Book
    Library of Congress Classification     Arts & Social Sciences Kisii University Library Kisii University Library On Display 02/26/2026 111001   LC 1037.5 .B47 2021 A000102 02/26/2026 C.4 02/26/2026 Long Loan Book
    Library of Congress Classification     Arts & Social Sciences Kisii University Library Kisii University Library On Display 02/26/2026 111002   LC 1037.5 .B47 2021 A000101 02/26/2026 C.5 02/26/2026 Long Loan Book